| 000 | 00926nam a2200265 a 4500 | ||
|---|---|---|---|
| 001 | 000003226 | ||
| 003 | DO-SdBNP | ||
| 005 | 20170925112824.0 | ||
| 007 | 000003226 | ||
| 008 | 090707s2009 dr a 000 0 spa d | ||
| 040 |
_aBPMSU _bspa _cBPMSU |
||
| 082 | 4 |
_a616.65 _bS715u |
|
| 100 | 1 | _aSosa, José Rafael | |
| 245 | 1 | 0 |
_aUn dedito al año, no hace daño / _cJosé Rafael Sosa. |
| 260 | 0 |
_aSanto Domingo : _bAlas, _c2009. |
|
| 300 |
_a131 p. : _bil. ; _c22 cm. |
||
| 500 | _aIncluye datos biográficos del autor en la solapa de la contracubierta | ||
| 500 | _aIncluye testimonios de Freddy Ginebra, Freddy Reyes, Julio Aníbal Suárez, Fernando Sánchez Martínez, Domingo Peña Nina | ||
| 650 | 4 |
_aPRÓSTATA _xCÁNCER |
|
| 650 | 4 | _aENFERMEDADES DE LA PRÓSTATA | |
| 910 | _aValidado. Control de calidad MFF | ||
| 942 |
_2ddc _cBK |
||
| 945 | _aInventariado / 2017 VM | ||
| 956 |
_aVMATEO _b10 _c20150811 _lBPMSU _h00151 |
||
| 999 |
_c8162 _d8162 |
||